[Event "GER-ch U25 op-B"]
[Site "Willingen"]
[Date "2024.05.25"]
[Round "9"]
[White "Hildebrand, Azat"]
[Black "Neumeier, Konstantin"]
[Result "1-0"]
[WhiteElo "1681"]
[BlackElo "1710"]
[PlyCount "35"]
[EventDate "2024.05.19"]
[EventType "swiss"]
[EventRounds "9"]
[EventCountry "GER"]
[SourceTitle "EXT 2025"]
[Source "ChessBase"]
[SourceDate "2024.10.14"]
[SourceVersion "1"]
[SourceVersionDate "2024.10.14"]
[SourceQuality "1"]

1. d4 d5 2. Nf3 Nf6 3. e3 e6 4. Bd3 c5 5. c3 Be7 6. Ne5 Nc6 7. f4 a6 8. Nd2 0-0 9. 0-0 Qc7 10. Qf3 Nxe5 11. fxe5 Ne8 12. Qh5 g6 13. Qh6 Ng7 14. Rf3 c4 15. Rh3 Nh5 16. Rxh5 Rd8 17. Qxh7+ Kf8 18. Qh8# 1-0

[Event "GER-ch U25 op-B"]
[Site "Willingen"]
[Date "2024.05.22"]
[Round "6"]
[White "Neumeier, Konstantin"]
[Black "Reif, Karla"]
[Result "1-0"]
[WhiteElo "1710"]
[BlackElo "1701"]
[PlyCount "59"]
[EventDate "2024.05.19"]
[EventType "swiss"]
[EventRounds "9"]
[EventCountry "GER"]
[SourceTitle "EXT 2025"]
[Source "ChessBase"]
[SourceDate "2024.10.14"]
[SourceVersion "1"]
[SourceVersionDate "2024.10.14"]
[SourceQuality "1"]

1. e4 c6 2. d4 d5 3. e5 Bf5 4. h4 h6 5. g4 Be4 6. f3 Bh7 7. Bd3 Bxd3 8. Qxd3 e6 9. Nc3 Nd7 10. Bd2 a6 11. f4 c5 12. dxc5 Bxc5 13. Nf3 Qc7 14. g5 Ne7 15. Be3 Nf5 16. Bxc5 Qxc5 17. 0-0-0 Ke7 18. Rd2 hxg5 19. Nxg5 Rxh4 20. Rxh4 Nxh4 21. Nce4 Qb5 22. Qa3+ Kd8 23. Nxf7+ Kc7 24. Qd6+ Kc8 25. Rd3 b6 26. Rc3+ Nc5 27. Qd8+ Kb7 28. Ned6+ Ka7 29. Qc7+ Nb7 30. Qxb7# 1-0

[Event "GER-chT U12"]
[Site "Magdeburg"]
[Date "2023.12.29"]
[Round "5.3"]
[White "Neumeier, Konstantin"]
[Black "Berndt, Ronson"]
[Result "0-1"]
[WhiteElo "1394"]
[BlackElo "1615"]
[PlyCount "119"]
[EventDate "2023.12.26"]
[EventType "team-swiss"]
[EventRounds "7"]
[EventCountry "GER"]
[SourceTitle "CBM 218 Extra"]
[Source "ChessBase"]
[SourceDate "2024.03.31"]
[SourceVersion "1"]
[SourceVersionDate "2024.03.31"]
[SourceQuality "1"]
[WhiteTeam "Kelheim"]
[BlackTeam "Lichtenberg Borussia"]
[WhiteTeamCountry "GER"]
[BlackTeamCountry "GER"]

1. e4 e5 2. Nf3 Nc6 3. Nc3 Nf6 4. a3 g6 5. d4 exd4 6. Nxd4 Bg7 7. Bg5 h6 8. Bh4 g5 9. Bg3 d6 10. Bb5 Bd7 11. 0-0 0-0 12. Nce2 Nxd4 13. Nxd4 Bxb5 14. Nxb5 Nxe4 15. Nd4 Qd7 16. Qd3 Nxg3 17. fxg3 Rae8 18. Nf5 Re6 19. Nxg7 Kxg7 20. Qd4+ f6 21. Qxa7 Qc6 22. Qf2 Rfe8 23. c3 Qc5 24. b4 Qxf2+ 25. Rxf2 Re2 26. Raf1 R8e6 27. Rxe2 Rxe2 28. Rf2 Re3 29. Rf3 Re2 30. Rf2 Re4 31. h3 Rc4 32. Rf3 f5 33. Rxf5 Rxc3 34. Rf3 Rc1+ 35. Rf1 Rxf1+ 36. Kxf1 Kf6 37. Ke2 b5 38. g4 Ke5 39. Ke3 c6 40. g3 Kd5 41. Kd3 c5 42. bxc5 dxc5 43. Kc3 Ke4 44. Kd2 Kd4 45. h4 c4 46. Kc2 c3 47. Kc1 Kc4 48. Kc2 b4 49. axb4 Kxb4 50. Kc1 Kc4 51. Kc2 Kd4 52. h5 Ke3 53. Kxc3 Kf3 54. Kd3 Kxg3 55. Ke3 Kxg4 56. Kf2 Kh3 57. Kg1 Kg3 58. Kh1 Kh4 59. Kh2 Kxh5 60. Kg2 0-1

[Event "GER-ch U25-B"]
[Site "Willingen"]
[Date "2023.05.29"]
[Round "3"]
[White "Laux, Filip"]
[Black "Neumeier, Konstantin"]
[Result "1-0"]
[WhiteElo "1407"]
[BlackElo "1413"]
[PlyCount "79"]
[EventDate "2023.05.27"]
[EventType "swiss"]
[EventRounds "9"]
[EventCountry "GER"]
[SourceTitle "CBM 214 Extra"]
[Source "ChessBase"]
[SourceDate "2023.07.31"]
[SourceVersion "1"]
[SourceVersionDate "2023.07.31"]
[SourceQuality "1"]

1. e4 e5 2. Nf3 Nc6 3. Bc4 Nf6 4. d3 Bc5 5. c3 d6 6. Nbd2 0-0 7. 0-0 Bg4 8. h3 Bh5 9. Re1 a6 10. Nf1 h6 11. Ng3 Bg6 12. Be3 Bb6 13. Bxb6 cxb6 14. Nh4 Kh7 15. Ngf5 d5 16. Bb3 d4 17. Qf3 Nh5 18. g3 Bxf5 19. Nxf5 g6 20. Nh4 Nf4 21. Kh2 dxc3 22. bxc3 g5 23. Nf5 Qxd3 24. Qg4 Ne6 25. Qh5 Qd7 26. Rad1 Qc7 27. Qxh6+ Kg8 28. Bxe6 fxe6 29. Qxe6+ Kh8 30. Rd7 Qxd7 31. Qxd7 Rxf5 32. exf5 Rd8 33. Qxb7 Rd2 34. Qxc6 Rxf2+ 35. Kg1 Rc2 36. Qe8+ Kg7 37. Qg6+ Kf8 38. f6 Rxc3 39. Qg7+ Ke8 40. Qe7# 1-0

[Event "GER-chT U12"]
[Site "Munich"]
[Date "2022.12.30"]
[Round "7"]
[White "Neumeier, Konstantin"]
[Black "Pflugbeil, Julian"]
[Result "0-1"]
[WhiteElo "1443"]
[BlackElo "1214"]
[PlyCount "104"]
[EventDate "2022.12.26"]
[EventType "team-swiss"]
[EventRounds "7"]
[EventCountry "GER"]
[SourceTitle "CBM 212 Extra"]
[Source "ChessBase"]
[SourceDate "2023.03.31"]
[SourceVersion "1"]
[SourceVersionDate "2023.03.31"]
[SourceQuality "1"]
[WhiteTeam "Kelheim"]
[BlackTeam "Bad Homburg"]
[WhiteTeamCountry "GER"]
[BlackTeamCountry "GER"]

1. e4 d6 2. d4 Nf6 3. Nc3 g6 4. Nf3 Bg7 5. Bc4 0-0 6. 0-0 Bg4 7. h3 Bxf3 8. Qxf3 Nc6 9. Be3 Nd7 10. Rad1 e5 11. d5 Ne7 12. Qg3 f5 13. Bg5 f4 14. Qd3 Nc5 15. Qe2 Qd7 16. f3 h6 17. Bxe7 Qxe7 18. b4 Nd7 19. Qd3 g5 20. Bb3 h5 21. Ne2 Rf6 22. c4 a5 23. c5 Kh8 24. c6 bxc6 25. dxc6 Nb6 26. b5 Raf8 27. Qc3 Rh6 28. g3 g4 29. fxg4 hxg4 30. gxf4 exf4 31. Qd3 Rxh3 32. Nxf4 Rxf4 33. Rxf4 Rxd3 34. Rxd3 a4 35. Bf7 Qh4 36. Rf2 Be5 37. Rdd2 g3 38. Rf5 Bd4+ 39. Kf1 Qh1+ 40. Ke2 Qxe4+ 41. Kd1 Qxf5 42. Rxd4 g2 43. Rh4+ Qh7 44. Rxh7+ Kxh7 45. Ke2 g1Q 46. Bg8+ Kxg8 47. Kd3 Qg4 48. a3 Kf7 49. Kc3 d5 50. Kd2 Qf3 51. Kc1 Qe2 52. Kb1 Nc4 0-1

[Event "GER-chT U12"]
[Site "Munich"]
[Date "2022.12.29"]
[Round "5"]
[White "Neumeier, Konstantin"]
[Black "Burban, Victor"]
[Result "1/2-1/2"]
[WhiteElo "1443"]
[BlackElo "1357"]
[PlyCount "157"]
[EventDate "2022.12.26"]
[EventType "team-swiss"]
[EventRounds "7"]
[EventCountry "GER"]
[SourceTitle "CBM 212 Extra"]
[Source "ChessBase"]
[SourceDate "2023.03.31"]
[SourceVersion "1"]
[SourceVersionDate "2023.03.31"]
[SourceQuality "1"]
[WhiteTeam "Kelheim"]
[BlackTeam "Paderborn Akademie"]
[WhiteTeamCountry "GER"]
[BlackTeamCountry "GER"]

1. e4 e6 2. b3 d5 3. Bb2 dxe4 4. Nc3 Nf6 5. Qe2 Bb4 6. 0-0-0 Qe7 7. Nxe4 Nbd7 8. Qc4 c6 9. Nf3 Ba3 10. h4 h5 11. Nfg5 Nb6 12. Qd3 Bxb2+ 13. Kxb2 Nxe4 14. Nxe4 Nd5 15. g3 Bd7 16. Bg2 0-0-0 17. Qd4 Nf6 18. Qxa7 Nxe4 19. Bxe4 Kc7 20. Rhe1 Ra8 21. Qd4 e5 22. Qc3 Qa3+ 23. Kb1 Qxa2+ 24. Kc1 f6 25. d3 Bg4 26. f3 Bd7 27. Kd2 Qa5 28. Qxa5+ Rxa5 29. f4 Rd8 30. fxe5 Rxe5 31. Bg6 Be8 32. Rxe5 fxe5 33. Bxe8 Rxe8 34. Rf1 Kd6 35. Rf7 Re7 36. Rxe7 Kxe7 37. Ke3 Kf6 38. Ke4 g5 39. c4 b6 40. b4 gxh4 41. gxh4 Ke6 42. c5 b5 43. d4 exd4 44. Kxd4 Kf5 45. Ke3 Kg4 46. Ke4 Kxh4 47. Ke5 Kg3 48. Kd6 h4 49. Kxc6 h3 50. Kd7 h2 51. c6 h1Q 52. c7 Qd5+ 53. Kc8 Qc4 54. Kb7 Qxb4 55. c8Q Qe4+ 56. Ka6 b4 57. Qg8+ Kf4 58. Qf8+ Ke3 59. Qc5+ Kd3 60. Ka5 b3 61. Qc1 Qe2 62. Kb4 b2 63. Qc3+ Ke4 64. Qc6+ Ke3 65. Qc3+ Kf2 66. Qf6+ Ke1 67. Qg6 Qd1 68. Qg1+ Kd2 69. Qd4+ Kc1 70. Qc3+ Kb1 71. Ka3 Qd6+ 72. Kb3 Qb6+ 73. Ka3 Qa6+ 74. Kb3 Qa2+ 75. Kb4 Ka1 76. Kb5 Qd5+ 77. Kb4 Qb7+ 78. Ka3 Qa6+ 79. Kb3 1/2-1/2

[Event "GER-chT U12"]
[Site "Munich"]
[Date "2022.12.29"]
[Round "6"]
[White "Wettstein, Levin"]
[Black "Neumeier, Konstantin"]
[Result "0-1"]
[WhiteElo "1193"]
[BlackElo "1443"]
[PlyCount "130"]
[EventDate "2022.12.26"]
[EventType "team-swiss"]
[EventRounds "7"]
[EventCountry "GER"]
[SourceTitle "CBM 212 Extra"]
[Source "ChessBase"]
[SourceDate "2023.03.31"]
[SourceVersion "1"]
[SourceVersionDate "2023.03.31"]
[SourceQuality "1"]
[WhiteTeam "Untergrombach"]
[BlackTeam "Kelheim"]
[WhiteTeamCountry "GER"]
[BlackTeamCountry "GER"]

1. e4 e5 2. Nf3 Nc6 3. Nc3 Nf6 4. d4 exd4 5. Nxd4 Bb4 6. Nxc6 bxc6 7. Bd3 d5 8. exd5 cxd5 9. 0-0 0-0 10. h3 c6 11. Qf3 Be6 12. Bg5 Bd6 13. Bxf6 Qxf6 14. Qxf6 gxf6 15. Ne2 Kh8 16. Ng3 Rg8 17. Bf5 Bxg3 18. Bxe6 fxe6 19. fxg3 Rxg3 20. Rxf6 Rag8 21. Rf2 Rxh3 22. Re1 Rh6 23. Rf7 Rb8 24. b3 Re8 25. Rxa7 e5 26. Rf7 e4 27. Ref1 Rhe6 28. Rf8+ Rxf8 29. Rxf8+ Kg7 30. Rf1 e3 31. Re1 c5 32. a4 d4 33. Kf1 Kf6 34. Ke2 Kf5 35. Rh1 Kg6 36. Rc1 h5 37. c3 Rd6 38. cxd4 cxd4 39. Rd1 Kf5 40. b4 Ke4 41. a5 d3+ 42. Ke1 d2+ 43. Ke2 Rc6 44. Rh1 Rc1 45. Rh4+ Kd5 46. Rxh5+ Kc4 47. Rh4+ Kc3 48. Kxe3 d1Q 49. Rh3 Kxb4 50. Rh4+ Kxa5 51. Rd4 Rc3+ 52. Ke4 Qg4+ 53. Kd5 Qxg2+ 54. Kd6 Qg6+ 55. Kd5 Rd3 56. Rxd3 Qxd3+ 57. Ke5 Kb5 58. Kf4 Qe2 59. Kf5 Kc6 60. Kf4 Kd5 61. Kf5 Qf3+ 62. Kg5 Ke6 63. Kg6 Qg4+ 64. Kh7 Kf7 65. Kh6 Qh4# 0-1

[Event "GER-chT U12"]
[Site "Magdeburg"]
[Date "2021.08.06"]
[Round "3.7"]
[White "Mombauer, Felix"]
[Black "Neumeier, Konstantin"]
[Result "1/2-1/2"]
[WhiteElo "1177"]
[BlackElo "1097"]
[PlyCount "97"]
[EventDate "2021.08.04"]
[EventType "team-swiss"]
[EventRounds "7"]
[EventCountry "GER"]
[SourceTitle "EXT 2022"]
[Source "ChessBase"]
[SourceDate "2021.10.06"]
[SourceVersion "1"]
[SourceVersionDate "2021.10.06"]
[SourceQuality "1"]
[WhiteTeam "Fritzdorf"]
[BlackTeam "Kelheim"]
[WhiteTeamCountry "GER"]
[BlackTeamCountry "GER"]

1. d4 d5 2. c4 e6 3. Nc3 Nf6 4. e3 Nc6 5. Nf3 Bb4 6. Bd2 0-0 7. cxd5 exd5 8. Bd3 Re8 9. Qc2 g6 10. 0-0-0 Bg4 11. Rhe1 Ne4 12. h3 Bd7 13. Bxe4 dxe4 14. Nxe4 Bf5 15. Nfg5 h6 16. Nxf7 Kxf7 17. Qc4+ Kg7 18. Bxb4 Nxb4 19. Qxb4 Bxe4 20. f3 Bc6 21. d5 Bd7 22. e4 Qg5+ 23. Kb1 Qe5 24. Rd4 b6 25. Qc3 Kh7 26. Red1 Qg3 27. d6 c5 28. R4d2 Rac8 29. Qf6 Rcd8 30. Qf7+ Kh8 31. Qf6+ Kh7 32. Qf7+ Kh8 33. Qf6+ Kg8 34. Qc3 Re6 35. Qa3 a5 36. Qb3 b5 37. Qd5 c4 38. Qb7 b4 39. Qc7 Qh4 40. Qxc4 Rc8 41. Qa6 a4 42. Qb6 Rc6 43. Qxb4 Qg3 44. Re2 Rcxd6 45. Rxd6 Rxd6 46. e5 Bf5+ 47. Kc1 Rc6+ 48. Kd1 Qg5 49. Rd2 1/2-1/2

[Event "DSOL 07 Liga Gr-D 1st"]
[Site "Playchess.com INT"]
[Date "2020.07.14"]
[Round "4.4"]
[White "Forstner, Ingo"]
[Black "Neumeier, Konstantin"]
[Result "0-1"]
[WhiteElo "1127"]
[BlackElo "858"]
[PlyCount "72"]
[EventDate "2020.06.22"]
[EventType "team-tourn (rapid)"]
[EventCountry "GER"]
[SourceTitle "EXT 2021"]
[Source "ChessBase"]
[SourceDate "2020.10.23"]
[SourceVersion "1"]
[SourceVersionDate "2020.10.23"]
[SourceQuality "1"]
[WhiteTeam "Lachendorf"]
[BlackTeam "Kelheim III"]
[WhiteTeamCountry "GER"]
[BlackTeamCountry "GER"]

1. e4 e5 2. Nf3 Nc6 3. Bb5 Nf6 4. Bxc6 bxc6 5. Nc3 Bb4 6. d3 Qe7 7. Bd2 Bb7 8. a3 Bxc3 9. Bxc3 Qc5 10. Nxe5 d6 11. d4 Qb5 12. a4 Qb6 13. Nc4 Qa6 14. Qe2 0-0 15. f3 d5 16. Ne5 Qxe2+ 17. Kxe2 dxe4 18. f4 Nd5 19. g3 Nxc3+ 20. bxc3 Rfe8 21. Rab1 Ba6+ 22. Ke3 f6 23. Nxc6 f5 24. Nb4 Re6 25. Nd5 Rc8 26. Rb4 c6 27. Rhb1 cxd5 28. Rb8 Rxb8 29. Rxb8+ Kf7 30. Rd8 Bb7 31. Rd7+ Re7 32. Rxe7+ Kxe7 33. Kd2 Bc6 34. a5 Kd7 35. c4 dxc4 36. Kc3 Bd5 0-1